000 00581nam a2200205 a 4500
001 12350
003 CO-ViMGA
008 141112s2004 ck r 000 u spa d
020 _a9682519217
040 _aCO-ViMGA
_bspa
_cCO-ViMGA
082 0 4 _a616.079 B17i2
100 1 _aBarrett, James
_917639
245 1 0 _aInmunología Medica
260 _aMexico :
_bInterAméricana McGraw Hill,
_c1993
300 _a346. : il.
590 _aForma de adquisición : DONACION - - Proveedor : MARIO ALBERTO VILLEGAS
650 1 4 _aINMUNOLOGIA
650 1 4 _aSEROLOGIA
_917640
942 _2ddc
_cBK
999 _c23360
_d23360